|
|
|
|
| LEADER |
00788naa a2200205 i 4500 |
| 001 |
acta61133 |
| 005 |
20260224081030.0 |
| 008 |
190909s2014 hu o 100 hun d |
| 040 |
|
|
|a SZTE Egyetemi Kiadványok Repozitórium
|b hun
|
| 041 |
|
|
|a hun
|
| 100 |
1 |
|
|a Nagy Viktória
|
| 245 |
1 |
2 |
|a A motiváció erősítésének egy lehetősége
|h [elektronikus dokumentum] :
|b a kerettörténet - storyline - módszer /
|c Nagy Viktória
|
| 260 |
|
|
|c 2014
|
| 300 |
|
|
|a 152
|
| 490 |
0 |
|
|a Pedagógiai Értékelési Konferencia
|v 12
|
| 695 |
|
|
|a Pedagógia - módszer - előadáskivonat
|
| 700 |
0 |
1 |
|a Damsa Andrei
|e aut
|
| 700 |
0 |
1 |
|a Lippai Edit
|e aut
|
| 710 |
|
|
|a Pedagógiai Értékelési Konferencia (12.) (2014) (Szeged)
|
| 856 |
4 |
0 |
|u http://acta.bibl.u-szeged.hu/61133/1/pek_2014_152.pdf
|z Dokumentum-elérés
|